000 00657cam a22002531 4500
001 sa 66000791
003 DLC
005 20260227112217.0
008 890713s1965 ii 000 1 beno
010 _asa 66000791
035 _a(OCoLC)20006602
040 _aDLC
_cWaU
_dDLC
042 _apremarc
050 0 0 _aPK1716
_b.S2
100 1 _aSarkar, Sudhir Chandra,
_d1892-
245 1 0 _aKathāguccha.
260 _c[1965]
300 _a668, 25 p.
_c23 cm.
500 _aIn Bengali.
500 _aShort stories.
500 _aIncludes biographical sketches of the contributors.
650 0 _aShort stories, Bengali.
650 0 _aAuthors, Bengali.
999 _c67403
_d67403